Петрография и минералогия ультрамафитов офиолитовых, расслоенных и щелочно-ультраосновных комплексов; Известия Томского политехнического университета [Известия ТПУ]; Т. 310, № 3
| Parent link: | Известия Томского политехнического университета [Известия ТПУ]/ Томский политехнический университет (ТПУ).— , 2000- Т. 310, № 3.— 2007.— [С. 11-13] |
|---|---|
| Autore principale: | |
| Riassunto: | Заглавие с титульного листа Электронная версия печатной публикации Изучены ультрамафиты трех формационных типов: из офиолитовых комплексов, расслоенных мафит-ультрамафитовых и щелочно-ультраосновных интрузий. Показаны петрографические и минералогические особенности ультрамафитов, отражающие длительную их эволюцию в процессе формирования и последующих наложенных пластических деформаций. По составу сосуществующих минералов в ультрамафитах определены геодинамические обстановки их образования. |
| Lingua: | russo |
| Pubblicazione: |
2007
|
| Serie: | Науки о земле |
| Soggetti: | |
| Accesso online: | http://www.lib.tpu.ru/fulltext/v/Bulletin_TPU/2007/v310/i3/02.pdf |
| Natura: | MixedMaterials Elettronico Capitolo di libro |
| KOHA link: | https://koha.lib.tpu.ru/cgi-bin/koha/opac-detail.pl?biblionumber=172226 |
MARC
| LEADER | 00000nla2a2200000 4500 | ||
|---|---|---|---|
| 001 | 172226 | ||
| 005 | 20231031164233.0 | ||
| 035 | |a (RuTPU)RU\TPU\book\186737 | ||
| 035 | |a RU\TPU\book\186735 | ||
| 090 | |a 172226 | ||
| 100 | |a 20091211d2007 k y0rusy50 ca | ||
| 101 | 0 | |a rus | |
| 102 | |a RU | ||
| 135 | |a drnn ---uucaa | ||
| 181 | 0 | |a i | |
| 182 | 0 | |a b | |
| 200 | 1 | |a Петрография и минералогия ультрамафитов офиолитовых, расслоенных и щелочно-ультраосновных комплексов |b Электронный ресурс |f А. И. Чернышов | |
| 203 | |a Текст |c электронный | ||
| 215 | |a 1 файл (159 Кб) | ||
| 225 | 1 | |a Науки о земле | |
| 230 | |a Электронные текстовые данные (1 файл : 159 Кб) | ||
| 300 | |a Заглавие с титульного листа | ||
| 300 | |a Электронная версия печатной публикации | ||
| 320 | |a [Библиогр.: с. 13 (12 назв.)] | ||
| 330 | |a Изучены ультрамафиты трех формационных типов: из офиолитовых комплексов, расслоенных мафит-ультрамафитовых и щелочно-ультраосновных интрузий. Показаны петрографические и минералогические особенности ультрамафитов, отражающие длительную их эволюцию в процессе формирования и последующих наложенных пластических деформаций. По составу сосуществующих минералов в ультрамафитах определены геодинамические обстановки их образования. | ||
| 337 | |a Adobe Reader | ||
| 461 | 1 | |0 (RuTPU)RU\TPU\book\176237 |t Известия Томского политехнического университета [Известия ТПУ] |f Томский политехнический университет (ТПУ) |d 2000- | |
| 463 | 1 | |0 (RuTPU)RU\TPU\book\186734 |x 1684-8519 |t Т. 310, № 3 |v [С. 11-13] |d 2007 |p 280 с. | |
| 610 | 1 | |a петрография | |
| 610 | 1 | |a минералогия | |
| 610 | 1 | |a ультрамафиты | |
| 610 | 1 | |a офиолитовые комплексы | |
| 610 | 1 | |a расслоенные комплексы | |
| 610 | 1 | |a щелочно-ультраосновные комплексы | |
| 610 | 1 | |a формационные типы | |
| 610 | 1 | |a мафит-ультрамафитовые интрузии | |
| 610 | 1 | |a щелочно-ультраосновные интрузии | |
| 610 | 1 | |a петрографические особенности | |
| 610 | 1 | |a минералогические особенности | |
| 610 | 1 | |a эволюция | |
| 610 | 1 | |a формирование | |
| 610 | 1 | |a пластические деформации | |
| 610 | 1 | |a минералы | |
| 610 | 1 | |a геодинамические обстановки | |
| 610 | 1 | |a электронный ресурс | |
| 700 | 1 | |a Чернышов |b А. И. | |
| 801 | 1 | |a RU |b 63413507 |c 20090623 |g PSBO | |
| 801 | 2 | |a RU |b 63413507 |c 20211115 |g PSBO | |
| 856 | 4 | |u http://www.lib.tpu.ru/fulltext/v/Bulletin_TPU/2007/v310/i3/02.pdf | |
| 942 | |c CF | ||